Films de Chris Columbus par images - Statistiques

Statistiques générales
  • Ce quiz a été pris 545 fois
  • Le résultat moyen est 8 sur 12
Statistiques - réponses
Par images Réponse % Correct
Harry Potter à l'école des sorciers
100%
Maman, j'ai raté l'avion !
97%
Scooby !
95%
La Nuit au musée
92%
Gremlins
87%
Les Quatre Fantastiques
85%
Percy Jackson : Le Voleur de foudre
78%
Madame Doubtfire
72%
Les Goonies
71%
La Couleur des sentiments
35%
Ma meilleure ennemie
16%
L'Homme bicentenaire
14%
Aucun quiz correspondant
Distribution des résultats
% des personnes avec chaque résultat
Percentile par nombre de réponses
Votre historique - résultats
Vous n’avez pas pris ce quiz